000 00593nam a2200181Ia 4500
008 151202s9999||||xx |||||||||||||| ||und||
082 _bPNVM-46926
100 _aकदम मााव.
245 _aसिंधुदुर्ग दर्शन.
260 _b"सोनाली प्रकाशन, कणकवली."
260 _c2006
300 _a111
600 _aकदम मााव.
630 _aसिंधुदुर्ग दर्शन.
700 _aकदम मााव.
730 _aसिंधुदुर्ग दर्शन.
942 _cBOOK
999 _c1312876
_d1312873